000 00747nam a22002177a 4500
999 _c20158
_d20158
003 AR-CdUCM
008 190527b ||||| |||| 00| 0 spa d
040 _aMUNICIPALIDAD PROVINCIAL DEL CUSCO
_cBIBLIOTECA MUNICIPAL DEL CUSCO
082 _a784.7 /
_bR88
100 _aRozas Aragon, Abel
_942152
110 _aMunicipalidad del Qosqo
_96414
245 _aEl himno de Cusco /
260 _aCusco :
_bMercantil,
_c1992.
300 _a380 páginas ;
_c24 cm.
505 _aContenido: Antecedentes -- Inicios -- Primer concurso -- Segundo concurso...
650 _aCusco
_9772
650 _aHimno cusqueño
_942153
700 _aPantigozo G. Edmundo (diagramación), Gaspar M., Jorge (melografía)
_942154
942 _2ddc
_cLIBROS
945 _aAndy